|
|
|
|
| LEADER |
02415nam a22003973i 4500 |
| 001 |
EBC6956083 |
| 003 |
MiAaPQ |
| 005 |
20231204023223.0 |
| 006 |
m o d | |
| 007 |
cr cnu|||||||| |
| 008 |
231204s2021 xx o ||||0 ger d |
| 020 |
|
|
|a 9783839448441
|q (electronic bk.)
|
| 020 |
|
|
|z 9783837648447
|
| 035 |
|
|
|a (MiAaPQ)EBC6956083
|
| 035 |
|
|
|a (Au-PeEL)EBL6956083
|
| 035 |
|
|
|a (OCoLC)1289789731
|
| 040 |
|
|
|a MiAaPQ
|b eng
|e rda
|e pn
|c MiAaPQ
|d MiAaPQ
|
| 100 |
1 |
|
|a Henninger, Annette.
|
| 245 |
1 |
0 |
|a Antifeminismen :
|b ›Krisen‹-Diskurse mit gesellschaftsspaltendem Potential?
|
| 250 |
|
|
|a 1st ed.
|
| 264 |
|
1 |
|a Bielefeld :
|b transcript,
|c 2021.
|
| 264 |
|
4 |
|c {copy}2021.
|
| 300 |
|
|
|a 1 online resource (435 pages)
|
| 336 |
|
|
|a text
|b txt
|2 rdacontent
|
| 337 |
|
|
|a computer
|b c
|2 rdamedia
|
| 338 |
|
|
|a online resource
|b cr
|2 rdacarrier
|
| 490 |
1 |
|
|a Gender Studies
|
| 505 |
0 |
|
|a Cover -- Inhalt -- I. Einleitung -- Antifeminismen -- Paradoxien und Aporien des Antifeminismus -- II. Antifeminismen. Varianten eines Themas in unterschiedlichen empirischen Feldern -- Arenen für Angriffe oder Arenen der Akzeptanz? -- Wissenschaftler_innen vs. Gender Studies -- Effekte der diskursiven Verknüpfung von Antifeminismus und Rassismus -- Elternschaft und Gender Trouble -- Divergenz, Ambivalenz, Kongruenz -- Die GegnerInnenschaft zur Ehe für alle: ein autoritär-regressives politisches Projekt? -- III. Konsequenzen für die Bildungs- und Präventionsarbeit -- Autoritäre Sexualpädagogik? -- Pädagogik zu Antifeminismus -- Tödlicher Antifeminismus -- IV. Krisen- und subjekttheoretische Interpretation der Befunde -- Krise der Geschlechterverhältnisse oder Krisenrhetorik? -- Subjekttheoretische Annäherungen an zeitgenössische Antifeminismen -- Autor_innen.
|
| 588 |
|
|
|a Description based on publisher supplied metadata and other sources.
|
| 590 |
|
|
|a Electronic reproduction. Ann Arbor, Michigan : ProQuest Ebook Central, 2023. Available via World Wide Web. Access may be limited to ProQuest Ebook Central affiliated libraries.
|
| 655 |
|
4 |
|a Electronic books.
|
| 700 |
1 |
|
|a Birsl, Ursula.
|
| 776 |
0 |
8 |
|i Print version:
|a Henninger, Annette
|t Antifeminismen
|d Bielefeld : transcript,c2021
|z 9783837648447
|
| 797 |
2 |
|
|a ProQuest (Firm)
|
| 830 |
|
0 |
|a Gender Studies
|
| 856 |
4 |
0 |
|u https://ebookcentral.proquest.com/lib/matrademy/detail.action?docID=6956083
|z Click to View
|